[Event "NZL-ch op 122nd"]
[Site "Auckland"]
[Date "2015.01.03"]
[Round "3"]
[White "Croad, Nicholas"]
[Black "Zelesco, Karl"]
[Result "1/2-1/2"]
[WhiteElo "2366"]
[BlackElo "2210"]
[PlyCount "104"]
[EventDate "2015.01.01"]
[EventType "swiss"]
[EventRounds "9"]
[EventCountry "NZL"]
[SourceTitle "CBM 164 Extra"]
[Source "ChessBase"]
[SourceDate "2015.03.02"]
[SourceVersion "1"]
[SourceVersionDate "2015.03.02"]
[SourceQuality "1"]

1. d4 d5 2. c4 c6 3. Nf3 Nf6 4. e3 Bf5 5. Nc3 a6 6. Be2 h6 7. Bd3 Bxd3 8. Qxd3 e6 9. 0-0 Bb4 10. b3 0-0 11. Bb2 Nbd7 12. Rfd1 Qe7 13. a3 Ba5 14. b4 Bc7 15. e4 b5 16. e5 Nh7 17. cxd5 cxd5 18. a4 Nb6 19. axb5 Nc4 20. Rdb1 axb5 21. Rxa8 Rxa8 22. Nxb5 Rb8 23. Nxc7 Qxb4 24. Na6 Qb3 25. Qxb3 Rxb3 26. Nc5 Rxb2 27. Rxb2 Nxb2 28. Kf1 g5 29. h4 Kg7 30. h5 Nf8 31. Nh2 Nc4 32. Ng4 Na3 33. Nf6 Nb5 34. Nb3 Nh7 35. Nxh7 Kxh7 36. Ke2 Nc3+ 37. Kd2 Ne4+ 38. Ke3 Kg7 39. Nc5 Nc3 40. Kd3 Nb5 41. g4 Nc7 42. Nd7 Nb5 43. Nc5 Kf8 44. Nb3 f6 45. exf6 Kf7 46. Nc5 Kxf6 47. Nd7+ Ke7 48. Ne5 Nd6 49. f3 Kf6 50. Nd7+ Ke7 51. Ne5 Kf6 52. Nd7+ Ke7 1/2-1/2

[Event "Melbourne Canterbury op"]
[Site "Melbourne"]
[Date "2014.12.28"]
[Round "4"]
[White "Zelesco, Karl"]
[Black "Khusnutdinov, Rustam"]
[Result "0-1"]
[WhiteElo "2256"]
[BlackElo "2472"]
[PlyCount "88"]
[EventDate "2014.12.27"]
[EventType "swiss"]
[EventRounds "7"]
[EventCountry "AUS"]
[SourceTitle "CBM 164 Extra"]
[Source "ChessBase"]
[SourceDate "2015.03.02"]
[SourceVersion "1"]
[SourceVersionDate "2015.03.02"]
[SourceQuality "1"]

1. e4 c5 2. Nf3 e6 3. d3 Nc6 4. g3 Nge7 5. b3 d6 6. Bg2 g6 7. Bb2 e5 8. 0-0 Bg7 9. c3 0-0 10. Na3 f5 11. Qd2 h6 12. Nc2 Be6 13. Rfe1 Qd7 14. Rad1 Rae8 15. Re2 Qc8 16. Qe1 f4 17. gxf4 Rxf4 18. Ne3 g5 19. Kh1 Ng6 20. Nd5 Rf7 21. Ng1 Nh4 22. f3 Qd8 23. b4 cxb4 24. Nxb4 Ne7 25. d4 Qc8 26. d5 Bd7 27. Rf2 Ref8 28. Rc1 Neg6 29. Qe3 b6 30. c4 g4 31. Rcf1 Nxg2 32. Kxg2 Qxc4 33. Ba3 Rf4 34. Rc2 Nh4+ 35. Kf2 Qb5 36. Nd3 Rxf3+ 37. Nxf3 Rxf3+ 38. Ke2 Rxe3+ 39. Kxe3 h5 40. Bxd6 Bh6+ 41. Ke2 Qa4 42. Nb4 a5 43. Rb1 axb4 44. Rbb2 b3 0-1